| 000 | 00645nam a2200193Ia 4500 | ||
|---|---|---|---|
| 008 | 190511s9999 xx 000 0 und d | ||
| 100 | _aSheffield, Julia M. | ||
| 245 | _aRapid instruction-based task learning (RITL) in schizophrenia | ||
| 245 | _cJulia M. Sheffield, Hannes Ruge, Sridhar Kandala, and Deanna M. Barch.-- | ||
| 260 | _bAmerican Psychological Association | ||
| 260 | _c2018 | ||
| 300 | _aPages 513-528, July 2018 | ||
| 440 |
_aJournal of Abnormal Psychology _v127(5) |
||
| 650 | _aGeneralized cognitive deficit | ||
| 650 | _aLPFC | ||
| 650 | _aRITL | ||
| 650 | _aSchizophrenia | ||
| 856 | _uwww.apa.org/pubs/journals/abn | ||
| 999 |
_c361847 _d361847 |
||